[Event "CZE-chT2C 2223"]
[Site "Czech Republic"]
[Date "2023.03.05"]
[Round "10.4"]
[White "Dalecky, Bretislav"]
[Black "Nadrchal, Tomas"]
[Result "0-1"]
[WhiteElo "2070"]
[BlackElo "2071"]
[PlyCount "46"]
[EventDate "2022.10.16"]
[EventType "team-tourn"]
[EventRounds "11"]
[EventCountry "CZE"]
[SourceTitle "EXT 2024"]
[Source "ChessBase"]
[SourceDate "2023.10.10"]
[SourceVersion "1"]
[SourceVersionDate "2023.10.10"]
[SourceQuality "1"]
[WhiteTeam "Ceska Lipa"]
[BlackTeam "Neratovice II"]
[WhiteTeamCountry "CZE"]
[BlackTeamCountry "CZE"]

1. e4 c6 2. d4 d5 3. e5 Bf5 4. Nc3 e6 5. g4 Bg6 6. Nge2 h6 7. Nf4 Bh7 8. Bd3 Bxd3 9. Nxd3 Qc7 10. Be3 Nd7 11. f4 Ne7 12. 0-0 g6 13. Qf3 h5 14. h3 0-0-0 15. b4 Nb6 16. Qe2 hxg4 17. hxg4 Nc4 18. Bf2 g5 19. f5 exf5 20. gxf5 Nxf5 21. Nc5 Bxc5 22. bxc5 g4 23. Nd1 g3 0-1

[Event "CZE-chT2C 2223"]
[Site "Czech Republic"]
[Date "2022.12.04"]
[Round "4.4"]
[White "Nadrchal, Tomas"]
[Black "Broz, Petr"]
[Result "1/2-1/2"]
[WhiteElo "2071"]
[BlackElo "2043"]
[PlyCount "68"]
[EventDate "2022.10.16"]
[EventType "team-tourn"]
[EventRounds "11"]
[EventCountry "CZE"]
[SourceTitle "EXT 2024"]
[Source "ChessBase"]
[SourceDate "2023.10.10"]
[SourceVersion "1"]
[SourceVersionDate "2023.10.10"]
[SourceQuality "1"]
[WhiteTeam "Neratovice II"]
[BlackTeam "Kutna Hora"]
[WhiteTeamCountry "CZE"]
[BlackTeamCountry "CZE"]

1. e4 e6 2. d4 d5 3. exd5 exd5 4. Bd3 c5 5. c3 Nf6 6. Nf3 Be7 7. 0-0 0-0 8. h3 Nc6 9. Nbd2 a6 10. dxc5 Bxc5 11. Nb3 Ba7 12. Bg5 Qd6 13. Nfd4 Bb8 14. f4 Ne4 15. Bxe4 dxe4 16. Nxc6 Qxc6 17. f5 h6 18. Be3 Qc7 19. Bf4 Qb6+ 20. Kh1 Qf6 21. Qd4 Qxd4 22. Nxd4 Ba7 23. Be3 Rd8 24. Rae1 Bd7 25. Rf4 Kh7 26. f6 Bxd4 27. cxd4 g5 28. Rxe4 Be6 29. b3 Rac8 30. Re2 Kg6 31. Rf2 Rd5 32. g4 Rd6 33. Kh2 Bd5 34. Re5 Re6 1/2-1/2

[Event "CZE-chT1W 2223"]
[Site "Czech Republic"]
[Date "2022.11.13"]
[Round "3.5"]
[White "Nadrchal, Tomas"]
[Black "Trejbal, Stanislav"]
[Result "1/2-1/2"]
[WhiteElo "2071"]
[BlackElo "2076"]
[PlyCount "42"]
[EventDate "2022.10.09"]
[EventType "team-tourn"]
[EventRounds "11"]
[EventCountry "CZE"]
[SourceTitle "CBM 213 Extra"]
[Source "ChessBase"]
[SourceDate "2023.05.31"]
[SourceVersion "1"]
[SourceVersionDate "2023.05.31"]
[SourceQuality "1"]
[WhiteTeam "Neratovice"]
[BlackTeam "Litomerice Slavoj"]
[WhiteTeamCountry "CZE"]
[BlackTeamCountry "CZE"]

1. e4 e6 2. d4 d5 3. exd5 exd5 4. Bd3 Bd6 5. Nf3 Nf6 6. Bg5 Qe7+ 7. Qe2 Qxe2+ 8. Kxe2 Nbd7 9. Re1 0-0 10. Nbd2 h6 11. Bh4 Nh5 12. Kf1 Nf4 13. Bf5 Nb6 14. Bxc8 Raxc8 15. Bg3 Rcd8 16. Re3 Rfe8 17. Rae1 Rxe3 18. Rxe3 Kf8 19. Ne5 Nh5 20. Nd3 Nxg3+ 21. hxg3 Re8 1/2-1/2

[Event "CZE-chT2C 2223"]
[Site "Czech Republic"]
[Date "2022.10.16"]
[Round "1.3"]
[White "Nadrchal, Tomas"]
[Black "Munk, Petr"]
[Result "1/2-1/2"]
[WhiteElo "2071"]
[BlackElo "2078"]
[PlyCount "124"]
[EventDate "2022.10.16"]
[EventType "team-tourn"]
[EventRounds "11"]
[EventCountry "CZE"]
[SourceTitle "EXT 2024"]
[Source "ChessBase"]
[SourceDate "2023.10.10"]
[SourceVersion "1"]
[SourceVersionDate "2023.10.10"]
[SourceQuality "1"]
[WhiteTeam "Neratovice II"]
[BlackTeam "Lysa nad Labem"]
[WhiteTeamCountry "CZE"]
[BlackTeamCountry "CZE"]

1. e4 e6 2. d4 d5 3. exd5 exd5 4. Bd3 c5 5. c3 Nc6 6. Ne2 c4 7. Bc2 Bd6 8. Bf4 Nge7 9. 0-0 Bg4 10. f3 Bf5 11. Re1 0-0 12. b4 cxb3 13. axb3 Re8 14. Nd2 Rc8 15. Bg3 b5 16. Qb1 Bxc2 17. Qxc2 Bxg3 18. hxg3 b4 19. Qd3 bxc3 20. Qxc3 Qb6 21. Qc5 Nb4 22. Qxb6 axb6 23. Rec1 Nf5 24. Rxc8 Rxc8 25. g4 Ne3 26. Nf1 Nec2 27. Ra4 Kf8 28. Ne3 b5 29. Nxc2 bxa4 30. Nxb4 axb3 31. Nxd5 Rc1+ 32. Nxc1 b2 33. Ne2 b1Q+ 34. Kf2 Qd3 35. Ndf4 Qd2 36. Nh5 f6 37. Nhg3 Kf7 38. Ne4 Qd1 39. Nd6+ Kf8 40. Nf5 g6 41. Ne3 Qd3 42. Nf4 Qd2+ 43. Ne2 Kg7 44. Nf1 Qd3 45. Ne3 Qd2 46. Nf1 Qg5 47. Nfg3 Qh4 48. Kf1 Kf7 49. Ne4 h5 50. gxh5 Qxh5 51. Kf2 Qh4+ 52. g3 Qh5 53. f4 Qd5 54. Ke3 Qb3+ 55. Kd2 Qf3 56. N4c3 f5 57. Nd1 Ke6 58. Ndc3 Kd6 59. Nd1 Kc6 60. Nb2 Kb5 61. Nd3 Ka4 62. Ne5 Qa3 1/2-1/2

[Event "CZE-chT2C 2122"]
[Site "Czech Republic"]
[Date "2022.01.30"]
[Round "7.6"]
[White "Karas, Marek"]
[Black "Nadrchal, Tomas"]
[Result "1-0"]
[WhiteElo "2287"]
[BlackElo "2058"]
[PlyCount "69"]
[EventDate "2021.10.17"]
[EventType "team-tourn"]
[EventRounds "11"]
[EventCountry "CZE"]
[SourceTitle "EXT 2025"]
[Source "ChessBase"]
[SourceDate "2024.10.14"]
[SourceVersion "1"]
[SourceVersionDate "2024.10.14"]
[SourceQuality "1"]
[WhiteTeam "Ricany Betsys II"]
[BlackTeam "Neratovice II"]
[WhiteTeamCountry "CZE"]
[BlackTeamCountry "CZE"]

1. Nf3 d5 2. d4 Nf6 3. c4 c6 4. Nc3 e6 5. g3 Nbd7 6. Bg2 Be7 7. Qd3 0-0 8. 0-0 b6 9. b3 Bb7 10. Rd1 Rc8 11. e4 dxe4 12. Nxe4 Nxe4 13. Qxe4 Bf6 14. Bf4 Qe7 15. Rac1 Rfd8 16. g4 h6 17. Re1 Ba8 18. Qe3 Re8 19. g5 hxg5 20. Bxg5 Red8 21. h4 Qd6 22. c5 Qe7 23. b4 a5 24. a3 axb4 25. axb4 bxc5 26. bxc5 Bxg5 27. hxg5 Rb8 28. Ra1 Rb5 29. Ra7 Qe8 30. g6 Rb7 31. gxf7+ Qxf7 32. Ng5 Qf6 33. Qxe6+ Qxe6 34. Nxe6 Re8 35. Rxa8 1-0

[Event "CZE-chT2C 2122"]
[Site "Czech Republic"]
[Date "2022.01.16"]
[Round "6.6"]
[White "Nadrchal, Tomas"]
[Black "Zahorbensky, Jaroslav"]
[Result "0-1"]
[WhiteElo "2058"]
[BlackElo "2070"]
[PlyCount "60"]
[EventDate "2021.10.17"]
[EventType "team-tourn"]
[EventRounds "11"]
[EventCountry "CZE"]
[SourceTitle "EXT 2025"]
[Source "ChessBase"]
[SourceDate "2024.10.14"]
[SourceVersion "1"]
[SourceVersionDate "2024.10.14"]
[SourceQuality "1"]
[WhiteTeam "Neratovice II"]
[BlackTeam "Bakov nad Jizerou"]
[WhiteTeamCountry "CZE"]
[BlackTeamCountry "CZE"]

1. e4 g6 2. f4 d5 3. e5 c5 4. Nf3 Nc6 5. d4 Bg4 6. dxc5 e6 7. Be3 d4 8. Bf2 Bxc5 9. Nbd2 Bxf3 10. Qxf3 Qa5 11. c3 dxc3 12. bxc3 Bxf2+ 13. Kxf2 Qc5+ 14. Kg3 g5 15. Ne4 gxf4+ 16. Qxf4 Qxe5 17. Nd6+ Ke7 18. Qxe5 Nxe5 19. Nxb7 Nf6 20. Be2 Rhg8+ 21. Kh3 Ne4 22. Rhf1 Rac8 23. c4 Nxc4 24. Rac1 Ne3 25. Rxc8 Rxc8 26. Rf4 Ng5+ 27. Kg3 Rc2 28. Kf2 Nd5 29. Rc4 Nc3 30. Kf1 Nge4 0-1

[Event "CZE-chT2B 1718"]
[Site "Czech Republic"]
[Date "2018.04.08"]
[Round "11.8"]
[White "Balin, Daniel"]
[Black "Nadrchal, Tomas"]
[Result "0-1"]
[WhiteElo "1718"]
[BlackElo "2027"]
[PlyCount "76"]
[EventDate "2017.10.15"]
[EventType "team-tourn"]
[EventRounds "11"]
[EventCountry "CZE"]
[SourceTitle "EXT 2022"]
[Source "ChessBase"]
[SourceDate "2021.10.06"]
[SourceVersion "1"]
[SourceVersionDate "2021.10.06"]
[SourceQuality "1"]
[WhiteTeam "Usti nad Labem"]
[BlackTeam "Neratovice III"]
[WhiteTeamCountry "CZE"]
[BlackTeamCountry "CZE"]

1. e4 c6 2. d4 d5 3. exd5 cxd5 4. Bd3 Nc6 5. c3 Nf6 6. h3 e6 7. Bf4 Bd6 8. Bxd6 Qxd6 9. Nf3 Ne4 10. Qe2 f5 11. 0-0 0-0 12. Re1 Bd7 13. Nbd2 Kh8 14. Bc2 Rac8 15. Nxe4 dxe4 16. Nd2 Nxd4 17. Qd1 Nxc2 18. Qxc2 Rfd8 19. Rad1 Qa6 20. b3 Bb5 21. c4 Be8 22. Kh1 Qb6 23. f3 e3 24. Nf1 f4 25. Qe4 Rxd1 26. Rxd1 Bg6 27. Qe5 Rd8 28. c5 Qa5 29. c6 Rxd1 30. Qb8+ Rd8 31. c7 Rg8 32. Qxg8+ Kxg8 33. c8Q+ Kf7 34. Qd7+ Kf6 35. Qd4+ Ke7 36. Qxf4 e2 37. Qh4+ Ke8 38. Nd2 Qxd2 0-1

[Event "Kesarovski Georgiev Memorial 11th"]
[Site "Sunny Beach"]
[Date "2012.09.07"]
[Round "7"]
[White "Galicek, Stanislav"]
[Black "Nadrchal, Tomas"]
[Result "1/2-1/2"]
[WhiteElo "2164"]
[BlackElo "2017"]
[PlyCount "43"]
[EventDate "2012.09.01"]
[EventType "swiss"]
[EventRounds "9"]
[EventCountry "BUL"]
[SourceTitle "CBM 150 Extra"]
[Source "ChessBase"]
[SourceDate "2012.10.19"]
[SourceVersion "1"]
[SourceVersionDate "2012.10.19"]
[SourceQuality "1"]

1. d4 d5 2. c4 c6 3. Nf3 Nf6 4. e3 e6 5. Nc3 Bd6 6. Qc2 0-0 7. Bd3 Nbd7 8. 0-0 dxc4 9. Bxc4 e5 10. h3 Re8 11. Ng5 Re7 12. Rd1 exd4 13. exd4 Nb6 14. Bf1 Qe8 15. Nf3 h6 16. Bd2 Be6 17. a3 Rd8 18. Rac1 Bc7 19. Be3 Nbd5 20. Bd2 Nb6 21. Be3 Nbd5 22. Bd2 1/2-1/2

[Event "CZE-chT2C 1011"]
[Site "Czech Republic"]
[Date "2011.03.27"]
[Round "10.3"]
[White "Vacek, Martin"]
[Black "Nadrchal, Tomas"]
[Result "1-0"]
[WhiteElo "2305"]
[BlackElo "2019"]
[PlyCount "63"]
[EventDate "2010.10.17"]
[EventType "team-tourn"]
[EventRounds "11"]
[EventCountry "CZE"]
[SourceTitle "EXT 2012"]
[Source "ChessBase"]
[SourceDate "2011.11.24"]
[SourceVersion "1"]
[SourceVersionDate "2011.11.24"]
[SourceQuality "1"]
[WhiteTeam "Hradec Kralove II"]
[BlackTeam "Pardubice Bohemia"]
[WhiteTeamCountry "CZE"]
[BlackTeamCountry "CZE"]

1. e4 c6 2. d4 d5 3. Nc3 dxe4 4. Nxe4 Bf5 5. Ng3 Bg6 6. Nf3 Nd7 7. h4 h6 8. h5 Bh7 9. Bd3 Bxd3 10. Qxd3 Ngf6 11. Bd2 e6 12. 0-0-0 Bd6 13. Ne4 Nxe4 14. Qxe4 0-0 15. g4 Nf6 16. Qe2 Nh7 17. Ne5 Bxe5 18. dxe5 Qe7 19. f4 f5 20. exf6 Rxf6 21. g5 hxg5 22. fxg5 Rf5 23. g6 Nf8 24. Bc3 e5 25. Kb1 b5 26. b3 Qc5 27. Qe4 Rg5 28. Bb4 Qb6 29. Be7 Rg3 30. Qxe5 Re3 31. Qg5 Ne6 32. Qf5 1-0

[Event "CZE-chT2C 1011"]
[Site "Czech Republic"]
[Date "2011.03.06"]
[Round "9.4"]
[White "Vojta, Pavel"]
[Black "Nadrchal, Tomas"]
[Result "1-0"]
[WhiteElo "2160"]
[BlackElo "2019"]
[PlyCount "85"]
[EventDate "2010.10.17"]
[EventType "team-tourn"]
[EventRounds "11"]
[EventCountry "CZE"]
[SourceTitle "EXT 2012"]
[Source "ChessBase"]
[SourceDate "2011.11.24"]
[SourceVersion "1"]
[SourceVersionDate "2011.11.24"]
[SourceQuality "1"]
[WhiteTeam "Vlasim"]
[BlackTeam "Pardubice Bohemia"]
[WhiteTeamCountry "CZE"]
[BlackTeamCountry "CZE"]

1. d4 d5 2. Nf3 c6 3. c4 Nf6 4. Nc3 e6 5. Bg5 Be7 6. e3 0-0 7. Rc1 Qa5 8. Nd2 Nbd7 9. cxd5 exd5 10. Bd3 Re8 11. 0-0 Nf8 12. Qc2 Bg4 13. a3 Qd8 14. b4 a6 15. Nb3 Ne4 16. Bf4 Nxc3 17. Qxc3 Bd6 18. Bxd6 Qxd6 19. Nc5 Qe7 20. h3 Bh5 21. a4 Ne6 22. Qc2 Bg6 23. Bxg6 hxg6 24. Qd3 Rec8 25. Rc2 a5 26. b5 Nd8 27. Rfc1 Qc7 28. Qb3 Kh7 29. Nd3 f6 30. Qxd5 Qe7 31. Qc5 Qe6 32. Nf4 Qb3 33. Qc4 Qb4 34. Qa2 Qd6 35. Rc5 g5 36. Qc2+ Kg8 37. Nh5 Ne6 38. Rc4 Nd8 39. Qg6 Rc7 40. Qe8+ Kh7 41. bxc6 Re7 42. cxb7 Ra7 43. Qxe7 1-0

[Event "Kesarovski Georgiev Memorial 9th"]
[Site "Sunny Beach"]
[Date "2010.09.05"]
[Round "9"]
[White "Nadrchal, Tomas"]
[Black "Ristic, Milan"]
[Result "1/2-1/2"]
[WhiteElo "2010"]
[BlackElo "2189"]
[PlyCount "77"]
[EventDate "2010.08.28"]
[EventType "swiss"]
[EventRounds "9"]
[EventCountry "BUL"]
[SourceTitle "CBM 138 Extra"]
[Source "ChessBase"]
[SourceDate "2010.10.29"]
[SourceVersion "1"]
[SourceVersionDate "2010.10.29"]
[SourceQuality "1"]

1. e4 e6 2. d4 d5 3. exd5 Qxd5 4. Nf3 Nf6 5. Bd3 Be7 6. 0-0 a6 7. Bf4 c5 8. Nc3 Qd8 9. dxc5 Bxc5 10. Ne4 Be7 11. Qe2 0-0 12. Rfd1 Qa5 13. Nfg5 Nbd7 14. Bd2 Qc7 15. Bc3 g6 16. Qe3 Ng4 17. Qh3 h5 18. Be2 Ndf6 19. f3 Nxe4 20. Nxe4 Ne3 21. Rd2 Nd5 22. Kf1 f5 23. Nf2 Nxc3 24. bxc3 Qxc3 25. Rad1 Qc7 26. Qg3 Qxg3 27. hxg3 Kg7 28. f4 b5 29. c4 bxc4 30. Bxc4 Re8 31. Re2 Kf6 32. Rb1 Bc5 33. Nd3 Bd4 34. Ne5 Ra7 35. Nf3 Bc5 36. Rb8 Rc7 37. Bxa6 Bxa6 38. Rxe8 Rb7 39. R8xe6+ 1/2-1/2

[Event "Kesarovski Georgiev Memorial 9th"]
[Site "Sunny Beach"]
[Date "2010.08.31"]
[Round "4"]
[White "Gschwendtner, Klaus"]
[Black "Nadrchal, Tomas"]
[Result "1/2-1/2"]
[WhiteElo "2139"]
[BlackElo "2010"]
[PlyCount "129"]
[EventDate "2010.08.28"]
[EventType "swiss"]
[EventRounds "9"]
[EventCountry "BUL"]
[SourceTitle "CBM 138 Extra"]
[Source "ChessBase"]
[SourceDate "2010.10.29"]
[SourceVersion "1"]
[SourceVersionDate "2010.10.29"]
[SourceQuality "1"]

1. e4 c6 2. d4 d5 3. e5 Bf5 4. Be3 Qb6 5. Qc1 e6 6. c4 Bxb1 7. Rxb1 Bb4+ 8. Bd2 Qa5 9. Bxb4 Qxb4+ 10. Qc3 Qxc3+ 11. bxc3 b6 12. cxd5 cxd5 13. c4 Ne7 14. cxd5 Nxd5 15. Bc4 Ne7 16. Nf3 0-0 17. 0-0 Rd8 18. Rfd1 h6 19. Bd3 Nbc6 20. Be4 Rac8 21. Rbc1 Nxd4 22. Rxc8 Nxf3+ 23. gxf3 Rxc8 24. Rd7 Nc6 25. Bxc6 Rxc6 26. Rxa7 Rc5 27. f4 g5 28. fxg5 hxg5 29. a4 Rxe5 30. Rb7 Re4 31. Rxb6 Rxa4 32. Rb5 f6 33. Rb7 e5 34. Kg2 Rh4 35. Kg3 Rh7 36. Rb6 Kg7 37. f3 Rh4 38. h3 Rd4 39. Ra6 Kg6 40. Rb6 Rf4 41. Ra6 Kh5 42. Ra8 f5 43. Rh8+ Kg6 44. Rg8+ Kf6 45. Rf8+ Kg7 46. Re8 e4 47. fxe4 fxe4 48. Re5 Kf6 49. Re8 Kf5 50. Rf8+ Ke5 51. Re8+ Kd4 52. Rd8+ Ke3 53. Rd5 Rf3+ 54. Kg4 Ke2 55. Rxg5 Kf2 56. Re5 e3 57. h4 e2 58. Rxe2+ Kxe2 59. h5 Ra3 60. h6 Ke3 61. h7 Ra8 62. Kg5 Ke4 63. Kg6 Kf4 64. Kg7 Kg5 65. h8Q 1/2-1/2

[Event "CZE-chT2D 0910"]
[Site "Czech Republic"]
[Date "2010.02.28"]
[Round "8.7"]
[White "Petruska, Miroslav"]
[Black "Nadrchal, Tomas"]
[Result "1-0"]
[WhiteElo "2008"]
[BlackElo "2017"]
[PlyCount "73"]
[EventDate "2009.10.18"]
[EventType "team-tourn"]
[EventRounds "11"]
[EventCountry "CZE"]
[SourceTitle "EXT 2012"]
[Source "ChessBase"]
[SourceDate "2011.11.24"]
[SourceVersion "1"]
[SourceVersionDate "2011.11.24"]
[SourceQuality "1"]
[WhiteTeam "Brno Lokomotiva II"]
[BlackTeam "Pardubice Bohemia"]
[WhiteTeamCountry "CZE"]
[BlackTeamCountry "CZE"]

1. e4 c6 2. d4 d5 3. e5 Bf5 4. g4 Bd7 5. c3 e6 6. Be3 Qb6 7. Qb3 Qxb3 8. axb3 b6 9. b4 Ne7 10. Bd3 Ng6 11. h4 Be7 12. Nf3 Bc8 13. Nbd2 Bb7 14. h5 Nf8 15. g5 g6 16. hxg6 Nxg6 17. Rh5 Kf8 18. Nh2 c5 19. bxc5 bxc5 20. Ng4 Nc6 21. Nf6 cxd4 22. cxd4 Kg7 23. Ke2 Nb4 24. Rah1 Bxf6 25. gxf6+ Kg8 26. Bh6 Rc8 27. Bb1 Ba6+ 28. Ke3 Nc2+ 29. Bxc2 Rxc2 30. Bg7 Rxb2 31. Bxh8 Kxh8 32. Rxh7+ Kg8 33. Rg7+ Kf8 34. Rb1 Rxb1 35. Nxb1 Nh4 36. Rg4 Nf5+ 37. Kd2 1-0

[Event "CZE-chT2D 0809"]
[Site "Czech Republic"]
[Date "2009.01.11"]
[Round "6.8"]
[White "Voborny, David"]
[Black "Nadrchal, Tomas"]
[Result "0-1"]
[WhiteElo "1918"]
[BlackElo "2028"]
[PlyCount "60"]
[EventDate "2008.10.12"]
[EventType "tourn"]
[EventRounds "11"]
[EventCountry "CZE"]
[SourceTitle "EXT 2010"]
[Source "ChessBase"]
[SourceDate "2010.11.25"]
[SourceVersion "1"]
[SourceVersionDate "2010.11.25"]
[SourceQuality "1"]

1. d4 d5 2. c4 c6 3. e3 Nf6 4. Nc3 e6 5. Nf3 Nbd7 6. Bd2 Bd6 7. Be2 0-0 8. 0-0 dxc4 9. Bxc4 c5 10. Rc1 a6 11. Qb3 Qe7 12. a4 b6 13. Ne2 Bb7 14. dxc5 Nxc5 15. Qd1 Qd7 16. Bb4 Nfe4 17. b3 Rfd8 18. Ng3 b5 19. Nxe4 Nxe4 20. Bxd6 bxc4 21. Be5 Qxd1 22. Rfxd1 Rxd1+ 23. Rxd1 cxb3 24. Nd4 f6 25. Bc7 Nc5 26. Rb1 Be4 27. Rb2 Bd5 28. a5 Na4 29. Rb1 b2 30. Bd6 Ba2 0-1

[Event "CZE-chTV 0001"]
[Site "Czech Republic"]
[Date "2001.??.??"]
[Round "7"]
[White "Buril, Petr"]
[Black "Nadrchal, Tomas"]
[Result "1/2-1/2"]
[WhiteElo "2010"]
[BlackElo "2065"]
[PlyCount "21"]
[EventDate "2000.??.??"]
[EventType "team-tourn"]
[EventRounds "11"]
[EventCountry "CZE"]
[SourceTitle "EXT 2003"]
[Source "ChessBase"]
[SourceDate "2002.11.25"]
[SourceVersion "1"]
[SourceVersionDate "2002.11.25"]
[SourceQuality "1"]

1. f4 d5 2. Nf3 Nf6 3. e3 g6 4. d4 Bg7 5. Bd3 c5 6. c3 cxd4 7. cxd4 Nc6 8. 0-0 0-0 9. Nc3 Nb4 10. Bb1 Nh5 11. Qb3 1/2-1/2

[Event "CZE Czechia-ch U16"]
[Site "Plzen"]
[Date "1993.??.??"]
[Round "?"]
[White "Kulhanek, Tomas"]
[Black "Nadrchal, Tomas"]
[Result "1/2-1/2"]
[WhiteElo "2060"]
[BlackElo "1750"]
[PlyCount "100"]
[EventDate "1993.??.??"]
[EventType "swiss"]
[EventRounds "9"]
[EventCountry "CZE"]
[SourceTitle "EXT 2004"]
[Source "ChessBase"]
[SourceDate "2003.11.25"]
[SourceVersion "1"]
[SourceVersionDate "2003.11.25"]
[SourceQuality "1"]

1. e4 c6 2. d4 d5 3. exd5 cxd5 4. c4 Nf6 5. Nc3 e6 6. Nf3 Nc6 7. cxd5 exd5 8. Be2 Bf5 9. 0-0 Be7 10. Ne5 0-0 11. Bg5 Rc8 12. Bf3 Ne4 13. Nxc6 bxc6 14. Bxe7 Qxe7 15. Bxe4 Bxe4 16. Na4 Qg5 17. f3 Bf5 18. Qc1 Qf6 19. Qf4 Rfe8 20. Rfe1 g5 21. Qd2 Qg6 22. Nc5 h5 23. Re3 Rxe3 24. Qxe3 f6 25. Re1 Rc7 26. Qe8+ Qxe8 27. Rxe8+ Kf7 28. Re3 Re7 29. Kf2 Rxe3 30. Kxe3 Ke7 31. Kd2 Kd6 32. Kc3 Kc7 33. Kb4 Kb6 34. Na4+ Kc7 35. Kc5 Bd3 36. Nc3 Bf1 37. g3 Bg2 38. f4 h4 39. fxg5 fxg5 40. gxh4 gxh4 41. Nd1 Bf3 42. Nf2 Be2 43. b3 Kd7 44. Nh3 Bd3 45. Nf4 Be4 46. b4 Bc2 47. Ng2 Kc7 48. Nxh4 Be4 49. b5 cxb5 50. Kxb5 Kb7 1/2-1/2